Las bellezas bilbaínas en el siglo XIX (Record no. 50407)

MARC details
000 -LEADER
campo de control de longitud fija 00750nam a2200205 i 4500
001 - NÚMERO DE CONTROL
campo de control 50407
003 - IDENTIFICADOR DE NÚMERO DE CONTROL
campo de control ES-MaACL
005 - FECHA Y HORA DE LA ÚLTIMA TRANSACCIÓN
campo de control 20240512063034.0
007 - CAMPO FIJO DE DESCRIPCIÓN FÍSICA--INFORMACIÓN GENERAL
campo de control de longitud fija t|
008 - DATOS DE LONGITUD FIJA--INFORMACIÓN GENERAL
campo de control de longitud fija 030804s1918 sp f |||| | spa d
100 1# - ENTRADA PRINCIPAL--NOMBRE DE PERSONA
Nombre de persona Quadra Salcedo, Fernando de la,
Fechas asociadas al nombre 1889-1936
9 (RLIN) 41881
245 14 - MENCIÓN DEL TÍTULO
Título Las bellezas bilbaínas en el siglo XIX
Resto del título : conferencia pronunciada en el Club Marítimo del Abra, de Bilbao, en noviembre de 1917 /
Mención de responsabilidad, etc. por Fernando de la Quadra Salcedo.
260 ## - PUBLICACIÓN, DISTRIBUCIÓN, ETC.
Lugar de publicación, distribución, etc. Bilbao :
Nombre del editor, distribuidor, etc. Casa Dochao,
Fecha de publicación, distribución, etc. 1918.
300 ## - DESCRIPCIÓN FÍSICA
Extensión 29 p., 18 lám. ;
Dimensiones 22 cm.
650 #4 - PUNTO DE ACCESO ADICIONAL DE MATERIA--TÉRMINO DE MATERIA
Término de materia o nombre geográfico como elemento de entrada Mujeres-
Subdivisión geográfica Bilbao.
9 (RLIN) 170803
650 #4 - PUNTO DE ACCESO ADICIONAL DE MATERIA--TÉRMINO DE MATERIA
Término de materia o nombre geográfico como elemento de entrada Mujeres-
Subdivisión general Retratos.
9 (RLIN) 15310
710 2# - ENTRADA AGREGADA--NOMBRE DE ENTIDAD CORPORATIVA
Nombre de entidad corporativa o nombre de jurisdicción como elemento de entrada Real Club Marítimo del Abra.
9 (RLIN) 170804
852 ## - LOCALIZACIÓN
Ubicación ES-MaACL
Número de control de estantería 1570-F-17
Holdings
Estatus retirado Estado de pérdida Estado de daño No para préstamo Colección Biblioteca de origen Biblioteca actual Ubicación en estantería Fecha de adquisición Fuente de adquisición Total de préstamos Signatura topográfica completa Código de barras Visto por última vez Precio de reemplazo Tipo de ítem Koha
        Colección de folletos Biblioteca del Ateneo de Madrid Biblioteca del Ateneo de Madrid Depósito folletos 17/01/2008     1570-F-17 1053021 23/02/2023 23/02/2023 Folleto